[Event "CZE-chT2c 0506"]
[Site "Czech Republic"]
[Date "2005.10.16"]
[Round "1.6"]
[White "Jacek, Miloslav"]
[Black "Urbankova, Eva"]
[Result "1-0"]
[WhiteElo "2133"]
[BlackElo "2168"]
[PlyCount "93"]
[EventDate "2005.10.16"]
[EventType "team"]
[EventRounds "11"]
[EventCountry "CZE"]
[SourceTitle "EXT 2009"]
[Source "ChessBase"]
[SourceDate "2008.11.26"]
[SourceVersion "1"]
[SourceVersionDate "2008.11.26"]
[SourceQuality "1"]
[WhiteTeam "Mlada Boleslav"]
[BlackTeam "Praha Pankrac II"]
[WhiteTeamCountry "CZE"]
[BlackTeamCountry "CZE"]

1. e4 c5 2. f4 e6 3. Nf3 d5 4. Bb5+ Bd7 5. Bxd7+ Qxd7 6. exd5 exd5 7. 0-0 Nc6 8. Re1+ Be7 9. d4 0-0-0 10. Be3 Nf6 11. Ne5 Nxe5 12. dxe5 Ne4 13. Nd2 f5 14. c3 Kb8 15. Kh1 Rhg8 16. Nxe4 fxe4 17. Qh5 g6 18. Qe2 g5 19. Rad1 gxf4 20. Bxf4 Qe6 21. c4 d4 22. Qxe4 Qxc4 23. Qxh7 Qe6 24. Qe4 Rg4 25. g3 Rh8 26. Qf3 Rgg8 27. b3 Rh7 28. Rd2 Bd8 29. Rc1 Be7 30. Qe4 Rgh8 31. Rcc2 Ka8 32. Kg1 a6 33. Rc4 Ka7 34. a4 Qb6 35. Rcc2 Qe6 36. Kh1 Bf8 37. b4 b6 38. bxc5 Bxc5 39. a5 Qb3 40. Rb2 Qc4 41. axb6+ Bxb6 42. Rd1 Qe6 43. Rc1 d3 44. Qxd3 Rd7 45. Qf3 Bd4 46. Rbc2 Qb6 47. e6 1-0

[Event "Prague ProMoPro op"]
[Site "Prague"]
[Date "2003.09.12"]
[Round "7"]
[White "Urbankova, Eva"]
[Black "Chalupa, Ivan"]
[Result "0-1"]
[WhiteElo "2172"]
[BlackElo "2086"]
[PlyCount "94"]
[EventDate "2003.09.06"]
[EventType "swiss"]
[EventRounds "9"]
[EventCountry "CZE"]
[SourceTitle "CBM 096 Extra"]
[Source "ChessBase"]
[SourceDate "2003.10.22"]
[SourceVersion "2"]
[SourceVersionDate "2003.10.20"]
[SourceQuality "1"]

1. d4 d5 2. c4 e6 3. Nc3 c6 4. cxd5 exd5 5. Qc2 f5 6. Nf3 Nf6 7. Bg5 Be6 8. e3 Nbd7 9. Bd3 g6 10. h3 Qb6 11. Bf4 Ne4 12. 0-0 Ndf6 13. Rab1 Bd6 14. Be5 0-0 15. Na4 Qc7 16. b4 Nd7 17. Bxd6 Qxd6 18. Nc5 b6 19. Nxd7 Bxd7 20. Ne5 Rac8 21. Rfc1 Be8 22. Qb2 Ng5 23. Qb3 f4 24. h4 Ne6 25. Qd1 Rc7 26. Nf3 Bd7 27. e4 dxe4 28. Bxe4 Ng7 29. d5 Rfc8 30. Ng5 h6 31. Nf3 cxd5 32. Bxd5+ Kh7 33. Rxc7 Qxc7 34. Qb3 Qc2 35. Bg8+ Kh8 36. Ne5 Bf5 37. Rb2 Qc1+ 38. Kh2 Rxg8 39. Nf7+ Kh7 40. Re2 Qc7 41. g3 Nh5 42. Nxh6 fxg3+ 43. fxg3 Qxg3+ 44. Qxg3 Nxg3 45. Kxg3 Kxh6 46. Re7 Rg7 47. Re8 Rd7 0-1

[Event "Prague ProMoPro op"]
[Site "Prague"]
[Date "2003.09.09"]
[Round "4"]
[White "Urbankova, Eva"]
[Black "Neuman, Petr"]
[Result "0-1"]
[WhiteElo "2172"]
[BlackElo "2438"]
[PlyCount "64"]
[EventDate "2003.09.06"]
[EventType "swiss"]
[EventRounds "9"]
[EventCountry "CZE"]
[SourceTitle "CBM 096 Extra"]
[Source "ChessBase"]
[SourceDate "2003.10.22"]
[SourceVersion "2"]
[SourceVersionDate "2003.10.20"]
[SourceQuality "1"]

1. d4 Nf6 2. c4 d6 3. g3 g6 4. Bg2 Bg7 5. Nf3 0-0 6. 0-0 c6 7. Nc3 Qa5 8. Qc2 Qh5 9. Re1 e5 10. dxe5 dxe5 11. e4 Na6 12. a3 Nc7 13. Be3 Re8 14. Nd2 Ng4 15. Nf1 Nxe3 16. Nxe3 Ne6 17. Ne2 Ng5 18. Nc3 Nh3+ 19. Kh1 Nf4 20. Qd1 Qxd1 21. Ncxd1 Nxg2 22. Kxg2 Be6 23. Nc3 Rad8 24. Rad1 Rd4 25. b3 Bf8 26. Nc2 Rxd1 27. Rxd1 b5 28. cxb5 Bxb3 29. Rd2 cxb5 30. Nxb5 Ba4 31. Nc3 Bxc2 32. Rxc2 Rc8 0-1

[Event "CZE-ch (Women)"]
[Site "Luhacovice"]
[Date "2003.02.28"]
[Round "9.8"]
[White "Pertlova, Sona"]
[Black "Urbankova, Eva"]
[Result "0-1"]
[WhiteElo "2020"]
[BlackElo "2191"]
[PlyCount "108"]
[EventDate "2003.02.21"]
[EventType "swiss"]
[EventRounds "9"]
[EventCountry "CZE"]
[SourceTitle "CBM 092 Extra"]
[Source "ChessBase"]
[SourceDate "2003.03.07"]
[SourceVersion "1"]
[SourceVersionDate "2003.03.07"]
[SourceQuality "1"]

1. c4 g6 2. g3 Bg7 3. Bg2 d6 4. Nf3 e5 5. d4 Nc6 6. dxe5 Nxe5 7. Nxe5 Bxe5 8. 0-0 Ne7 9. Nc3 0-0 10. Bh6 Re8 11. e4 Nc6 12. Qd2 Bh8 13. f4 Be6 14. Nd5 Bxd5 15. cxd5 Nd4 16. f5 gxf5 17. exf5 Bf6 18. Rf2 c5 19. h4 Kh8 20. Bf4 Qe7 21. Bg5 Rg8 22. Bxf6+ Qxf6 23. Kh2 Rae8 24. Re1 Re5 25. Rxe5 Qxe5 26. Qf4 f6 27. Qxe5 dxe5 28. Kh3 Rg7 29. Be4 Kg8 30. Rd2 Kf8 31. g4 h6 32. Rd3 Ke7 33. Ra3 a6 34. Kg3 Nb5 35. Bh1 Nd6 36. Rc3 b6 37. b4 Nb5 38. Rc1 Kd6 39. a4 Nd4 40. bxc5+ bxc5 41. Rb1 Ra7 42. Rb6+ Ke7 43. d6+ Kd7 44. Bb7 c4 45. Bxa6 Rxa6 46. Rxa6 c3 47. Ra7+ Kxd6 48. Ra6+ Nc6 49. g5 hxg5 50. hxg5 c2 51. gxf6 c1Q 52. Kg4 Qc4+ 53. Kg5 Qxa6 54. f7 Ke7 0-1

[Event "CZE-ch (Women)"]
[Site "Luhacovice"]
[Date "2003.02.25"]
[Round "6.3"]
[White "Cedikova, Katerina"]
[Black "Urbankova, Eva"]
[Result "1-0"]
[WhiteElo "2184"]
[BlackElo "2191"]
[PlyCount "63"]
[EventDate "2003.02.21"]
[EventType "swiss"]
[EventRounds "9"]
[EventCountry "CZE"]
[SourceTitle "CBM 092 Extra"]
[Source "ChessBase"]
[SourceDate "2003.03.07"]
[SourceVersion "1"]
[SourceVersionDate "2003.03.07"]
[SourceQuality "1"]

1. d4 Nf6 2. c4 g6 3. Nc3 Bg7 4. e4 d6 5. f3 0-0 6. Be3 e5 7. Nge2 c6 8. Qd2 Nbd7 9. 0-0-0 a6 10. Kb1 b5 11. Nc1 bxc4 12. dxe5 Nxe5 13. Qxd6 Qa5 14. Qc5 Qxc5 15. Bxc5 Re8 16. Bd6 Nfd7 17. Be2 Nb6 18. Bc7 Ned7 19. Kc2 Ra7 20. Bf4 Rb7 21. Rd6 c5 22. b3 Ne5 23. Rhd1 Be6 24. Rd8 Kf8 25. Be3 Nbd7 26. Rxe8+ Kxe8 27. Rd6 cxb3+ 28. Nxb3 Nc4 29. Bxc4 Bxc4 30. Na5 Rb4 31. a3 Be5 32. axb4 1-0

[Event "CZE-chT2J 0203"]
[Site "Czech Republic"]
[Date "2003.??.??"]
[Round "2"]
[White "Roj, Miroslav"]
[Black "Urbankova, Eva"]
[Result "1/2-1/2"]
[WhiteElo "2173"]
[BlackElo "2196"]
[PlyCount "80"]
[EventDate "2002.10.??"]
[EventType "team"]
[EventRounds "11"]
[EventCountry "CZE"]
[SourceTitle "EXT 2007"]
[Source "ChessBase"]
[SourceDate "2006.11.23"]
[SourceVersion "1"]
[SourceVersionDate "2006.11.23"]
[SourceQuality "1"]

1. d4 Nf6 2. Nf3 g6 3. b3 Bg7 4. Bb2 0-0 5. g3 d6 6. Bg2 Nbd7 7. 0-0 e5 8. dxe5 Ng4 9. h3 Ngxe5 10. Nxe5 Nxe5 11. Qc1 Re8 12. c4 Rb8 13. Nc3 a6 14. a4 Nc6 15. e3 Nb4 16. Qd2 Bf5 17. e4 Bd7 18. Rad1 Bc6 19. Rfe1 a5 20. h4 h5 21. Ba1 Qe7 22. Kh2 Kh7 23. f4 Qf8 24. Re2 b6 25. Bb2 Bb7 26. Rf1 Qh8 27. f5 Rf8 28. Ref2 Be5 29. Rf3 Qg7 30. Bc1 f6 31. Bh3 Bc8 32. Ne2 Rg8 33. Rg1 g5 34. hxg5 fxg5 35. f6 Bxf6 36. Rgf1 Rf8 37. Bf5+ Kh8 38. Kg2 Bxf5 39. Rxf5 Rbe8 40. Rh1 Qg6 1/2-1/2

[Event "CZE-chT2J 0203"]
[Site "Czech Republic"]
[Date "2002.??.??"]
[Round "3"]
[White "Trmota, Zdenek"]
[Black "Urbankova, Eva"]
[Result "1-0"]
[WhiteElo "2214"]
[BlackElo "2196"]
[PlyCount "85"]
[EventDate "2002.10.??"]
[EventType "team"]
[EventRounds "11"]
[EventCountry "CZE"]
[SourceTitle "EXT 2007"]
[Source "ChessBase"]
[SourceDate "2006.11.23"]
[SourceVersion "1"]
[SourceVersionDate "2006.11.23"]
[SourceQuality "1"]

1. d4 Nf6 2. Nf3 g6 3. c4 Bg7 4. Nc3 0-0 5. e4 d6 6. Be2 e5 7. 0-0 Nc6 8. d5 Ne7 9. Ne1 Nd7 10. Be3 f5 11. f3 f4 12. Bf2 g5 13. a4 Nf6 14. c5 Ng6 15. a5 h5 16. cxd6 cxd6 17. Nb5 g4 18. Bxa7 g3 19. Bb6 Qe7 20. Kh1 Ne8 21. Rc1 Rf7 22. Na3 gxh2 23. Rc3 h4 24. Qc2 Bd7 25. Bb5 h3 26. Bxd7 Qxd7 27. gxh3 Bf6 28. Qg2 Rg7 29. Qg4 Qa4 30. Qe6+ Kh8 31. Rc8 Rxc8 32. Qxc8 Bh4 33. Ng2 Bg3 34. Nc4 Ne7 35. Qd8 Qxc4 36. Qxe8+ Ng8 37. Ra1 Kh7 38. Qh5+ Nh6 39. Bd8 Qe2 40. Bg5 Rg6 41. Bxh6 Rxh6 42. Qf7+ Kh8 43. Rc1 1-0

[Event "CZE-chT2b 0001"]
[Site "Czech Republic"]
[Date "2001.??.??"]
[Round "?"]
[White "Urbankova, Eva"]
[Black "Blahacek, Evzen"]
[Result "1/2-1/2"]
[WhiteElo "2175"]
[BlackElo "2165"]
[PlyCount "97"]
[EventDate "2000.??.??"]
[EventType "team"]
[EventRounds "11"]
[EventCountry "CZE"]
[SourceTitle "EXT 2003"]
[Source "ChessBase"]
[SourceDate "2002.11.25"]
[SourceVersion "1"]
[SourceVersionDate "2002.11.25"]
[SourceQuality "1"]

1. d4 Nf6 2. c4 e6 3. g3 d5 4. Bg2 c6 5. Nf3 Nbd7 6. Qc2 Be7 7. 0-0 0-0 8. b3 b6 9. Bb2 Bb7 10. Nc3 Rc8 11. Rad1 Qc7 12. e4 Nxe4 13. Nxe4 dxe4 14. Qxe4 c5 15. d5 Nf6 16. Qc2 exd5 17. Be5 Qd8 18. Ng5 h6 19. Bxf6 hxg5 20. Bxe7 Qxe7 21. Rfe1 Qf6 22. cxd5 Rcd8 23. Qe2 Rd7 24. Rd2 Rfd8 25. Red1 Rd6 26. Qg4 Bc8 27. Qe4 Bd7 28. Rf1 Bb5 29. Rfd1 Re8 30. Qg4 Qe5 31. Bf1 Bxf1 32. Kxf1 Qe4 33. Qxe4 Rxe4 34. f3 Re5 35. Kf2 Kf8 36. f4 gxf4 37. gxf4 Rh5 38. Ke3 f5 39. Rg1 Rh3+ 40. Rg3 Rxg3+ 41. hxg3 Ke7 42. Kf3 Kf6 43. g4 fxg4+ 44. Kxg4 g6 45. Kf3 Rd7 46. Kg4 Rd6 47. Kf3 Rd7 48. Kg4 Rd6 49. Kf3 1/2-1/2

[Event "CZE-chT2b 0001"]
[Site "Czech Republic"]
[Date "2001.??.??"]
[Round "?"]
[White "Urbankova, Eva"]
[Black "Bujak, Michal"]
[Result "1-0"]
[WhiteElo "2175"]
[BlackElo "1990"]
[PlyCount "55"]
[EventDate "2000.??.??"]
[EventType "team"]
[EventRounds "11"]
[EventCountry "CZE"]
[SourceTitle "EXT 2003"]
[Source "ChessBase"]
[SourceDate "2002.11.25"]
[SourceVersion "1"]
[SourceVersionDate "2002.11.25"]
[SourceQuality "1"]

1. d4 Nf6 2. c4 c5 3. d5 b5 4. Nd2 d6 5. e4 bxc4 6. Bxc4 g6 7. f4 Bg7 8. Ngf3 0-0 9. 0-0 Bb7 10. Rb1 Nbd7 11. Qe2 Nb6 12. b3 Ne8 13. Bb2 Bxb2 14. Rxb2 Ng7 15. Qe3 Rc8 16. Rc2 Rc7 17. Rc3 f5 18. Ng5 h6 19. Ne6 Nxe6 20. dxe6 fxe4 21. f5 Kg7 22. Nxe4 d5 23. Qg3 g5 24. Nxg5 Qd6 25. Qg4 Kh8 26. Nf7+ Rxf7 27. exf7 Qf6 28. Qg8# 1-0

[Event "CZE-chT2b 0001"]
[Site "Czech Republic"]
[Date "2001.??.??"]
[Round "?"]
[White "Urbankova, Eva"]
[Black "Porebski, Stanislav"]
[Result "1-0"]
[WhiteElo "2175"]
[BlackElo "2155"]
[PlyCount "93"]
[EventDate "2000.??.??"]
[EventType "team"]
[EventRounds "11"]
[EventCountry "CZE"]
[SourceTitle "EXT 2003"]
[Source "ChessBase"]
[SourceDate "2002.11.25"]
[SourceVersion "1"]
[SourceVersionDate "2002.11.25"]
[SourceQuality "1"]

1. d4 d5 2. c4 e6 3. Nc3 Nf6 4. cxd5 exd5 5. Bg5 Be7 6. e3 0-0 7. Bd3 Nbd7 8. Qc2 c6 9. Nf3 Re8 10. 0-0 h6 11. Bf4 Nf8 12. h3 Ne6 13. Bh2 Bd6 14. Rab1 Bxh2+ 15. Kxh2 Ng5 16. Ne5 Qd6 17. Kh1 Nfe4 18. h4 Nxc3 19. bxc3 Ne6 20. Bh7+ Kf8 21. c4 Nd8 22. Bf5 dxc4 23. Bxc8 Rxc8 24. Qxc4 Rc7 25. Rb3 Rce7 26. Kg1 Qf6 27. g3 Qf5 28. Kh2 Kg8 29. f3 Qh5 30. Kh3 Qf5+ 31. Kh2 Ne6 32. Kg2 g5 33. e4 Qf6 34. hxg5 Qxg5 35. f4 Qg7 36. Rbf3 h5 37. Rh1 Rd8 38. d5 cxd5 39. exd5 Rc7 40. Qe4 Nc5 41. Qd4 Ne6 42. Qd1 Rc5 43. d6 Nxf4+ 44. Rxf4 Qxe5 45. Re1 Qxd6 46. Re8+ Rxe8 47. Qxd6 1-0

[Event "CZE-chT1b 9697"]
[Site "Czech Republic"]
[Date "1997.??.??"]
[Round "?"]
[White "Urbankova, Eva"]
[Black "Komarek, David"]
[Result "1-0"]
[WhiteElo "2175"]
[BlackElo "2130"]
[PlyCount "92"]
[EventDate "1996.??.??"]
[EventType "team"]
[EventRounds "11"]
[EventCountry "CZE"]
[SourceTitle "EXT 1998"]
[Source "ChessBase"]
[SourceDate "1997.11.17"]
[SourceVersion "1"]
[SourceVersionDate "1997.11.17"]
[SourceQuality "1"]

1. d4 Nf6 2. c4 c5 3. d5 e6 4. Nc3 exd5 5. cxd5 d6 6. e4 g6 7. f4 Bg7 8. Bb5+ Nbd7 9. e5 dxe5 10. fxe5 Nh5 11. e6 0-0 12. exd7 Qh4+ 13. g3 Bxc3+ 14. bxc3 Qe4+ 15. Qe2 Qxh1 16. Be3 Bxd7 17. Bxd7 Nf6 18. 0-0-0 Qe4 19. Bb5 a6 20. Bd3 Qe5 21. Bxc5 Qxc3+ 22. Qc2 Qa1+ 23. Kd2 Qe5 24. Bxf8 Qg5+ 25. Ke1 Rxf8 26. Be2 Qe3 27. Nf3 Ng4 28. Qd3 Qf2+ 29. Kd2 Rd8 30. d6 Ne3 31. Rc1 b5 32. d7 Nc4+ 33. Kc3 Qc5 34. Qd4 Qa3+ 35. Kc2 Qa4+ 36. Kb1 Qb4+ 37. Ka1 Rxd7 38. Qc3 Qxc3+ 39. Rxc3 Nd2 40. Rc2 Ne4 41. Kb2 f6 42. Rc6 Ng5 43. Nxg5 Rd2+ 44. Rc2 Rxc2+ 45. Kxc2 fxg5 46. Kc3 Kf7 1-0

[Event "CZE-chT1b 9697"]
[Site "Czech Republic"]
[Date "1997.??.??"]
[Round "?"]
[White "Urbankova, Eva"]
[Black "Pacovsky, Jiri"]
[Result "0-1"]
[WhiteElo "2175"]
[BlackElo "2315"]
[PlyCount "98"]
[EventDate "1996.??.??"]
[EventType "team"]
[EventRounds "11"]
[EventCountry "CZE"]
[SourceTitle "EXT 1998"]
[Source "ChessBase"]
[SourceDate "1997.11.17"]
[SourceVersion "1"]
[SourceVersionDate "1997.11.17"]
[SourceQuality "1"]

1. d4 d5 2. c4 c6 3. Nf3 Nf6 4. Nc3 dxc4 5. a4 Bf5 6. Ne5 Nbd7 7. Nxc4 Qc7 8. g3 e5 9. dxe5 Nxe5 10. Bf4 Rd8 11. Qc1 Bd6 12. Nxd6+ Qxd6 13. Bg2 0-0 14. 0-0 a5 15. Rd1 Qe7 16. Qe3 Nfg4 17. Qb6 Nc4 18. Qb3 Qb4 19. Qxb4 axb4 20. Ne4 Rxd1+ 21. Rxd1 Nxb2 22. Rb1 Nxa4 23. Rxb4 b5 24. h3 Bxe4 25. Bxe4 c5 26. Rxb5 Nc3 27. Rb7 Nxe2+ 28. Kf1 Nxf4 29. hxg4 Ne6 30. Bd5 Rc8 31. Bc4 Kf8 32. Ke2 Rc7 33. Rb6 Ke7 34. Kd3 Rd7+ 35. Kc3 h6 36. Rc6 Rc7 37. Ra6 Rb7 38. Rc6 Rb1 39. Bxe6 fxe6 40. Rxc5 Rf1 41. Kd4 Rxf2 42. g5 hxg5 43. Rxg5 Kf6 44. Rg4 Rf3 45. Ke4 Ra3 46. Rf4+ Ke7 47. Rf1 Rxg3 48. Ke5 Rg5+ 49. Ke4 g6 0-1

[Event "CZE-chT2a 9596"]
[Site "Czech Republic"]
[Date "1996.??.??"]
[Round "?"]
[White "Kastner, Oldrich"]
[Black "Urbankova, Eva"]
[Result "1/2-1/2"]
[WhiteElo "2250"]
[BlackElo "2190"]
[PlyCount "97"]
[EventDate "1995.??.??"]
[EventType "team"]
[EventRounds "11"]
[EventCountry "CZE"]
[SourceTitle "EXT 2000"]
[Source "ChessBase"]
[SourceDate "1999.11.16"]
[SourceVersion "1"]
[SourceVersionDate "1999.11.16"]
[SourceQuality "1"]

1. e4 c5 2. c3 d5 3. exd5 Qxd5 4. d4 Nf6 5. Nf3 e6 6. Na3 Qd8 7. Nc2 Qc7 8. Be2 Nbd7 9. 0-0 b6 10. Re1 Bb7 11. Bg5 Bd6 12. dxc5 Bxc5 13. Ncd4 0-0 14. Bd3 Ng4 15. Bh4 Bxd4 16. cxd4 Bxf3 17. gxf3 Qxh2+ 18. Kf1 Qxh4 19. fxg4 Nf6 20. f3 Nd5 21. Be4 Qh1+ 22. Ke2 Qg2+ 23. Kd3 Qxb2 24. Bxd5 exd5 25. Qb3 Qxb3+ 26. axb3 f6 27. Re7 Rf7 28. Rae1 Kf8 29. R7e6 Rd7 30. f4 Rc8 31. g5 fxg5 32. fxg5 Kf7 33. R6e5 Rc6 34. Rf1+ Kg6 35. Rff5 Rcd6 36. Kc3 a5 37. Kb2 b5 38. Rf8 Rd8 39. Rff5 b4 40. Kb1 h6 41. gxh6 gxh6 42. Kb2 Rf6 43. Rxd5 Rxf5 44. Rxd8 h5 45. d5 h4 46. d6 Rd5 47. Rh8 Kg5 48. Rd8 Kf6 49. Rh8 1/2-1/2

[Event "CZE-ch (Women)"]
[Site "Usti nad Labem"]
[Date "1996.??.??"]
[Round "2"]
[White "Slepankova, Radka"]
[Black "Urbankova, Eva"]
[Result "0-1"]
[WhiteElo "1950"]
[BlackElo "2130"]
[PlyCount "48"]
[EventDate "1996.??.??"]
[EventType "swiss"]
[EventRounds "9"]
[EventCountry "CZE"]
[SourceTitle "EXT 1998"]
[Source "ChessBase"]
[SourceDate "1997.11.17"]
[SourceVersion "1"]
[SourceVersionDate "1997.11.17"]
[SourceQuality "1"]

1. e4 c5 2. Nf3 Nc6 3. b3 d5 4. exd5 Qxd5 5. Nc3 Qd8 6. Ne4 e6 7. Bb2 Nf6 8. Nxf6+ gxf6 9. d4 cxd4 10. Nxd4 Bb4+ 11. Ke2 Qe7 12. g3 e5 13. Nxc6 bxc6 14. c3 Bc5 15. Bg2 Bg4+ 16. Bf3 Qe6 17. Qd3 Rd8 18. Qe4 Bxf3+ 19. Qxf3 e4 20. Qf4 Rd5 21. Rhf1 Bd6 22. Qe3 0-0 23. f3 exf3+ 24. Kxf3 Rf5+ 0-1

[Event "CZE-ch (Women)"]
[Site "Usti nad Labem"]
[Date "1996.??.??"]
[Round "7"]
[White "Urbankova, Eva"]
[Black "Blazkova, Petra"]
[Result "1-0"]
[WhiteElo "2175"]
[BlackElo "2180"]
[PlyCount "75"]
[EventDate "1996.??.??"]
[EventType "swiss"]
[EventRounds "9"]
[EventCountry "CZE"]
[SourceTitle "EXT 1998"]
[Source "ChessBase"]
[SourceDate "1997.11.17"]
[SourceVersion "1"]
[SourceVersionDate "1997.11.17"]
[SourceQuality "1"]

1. d4 Nf6 2. c4 g6 3. Nc3 d5 4. cxd5 Nxd5 5. e4 Nxc3 6. bxc3 Bg7 7. Bc4 0-0 8. Ne2 Nc6 9. h4 Na5 10. Bb3 c5 11. h5 cxd4 12. cxd4 Nxb3 13. axb3 Bg4 14. f3 Bd7 15. Be3 Qb6 16. Qd2 Rfc8 17. hxg6 fxg6 18. Rb1 a5 19. Nf4 e6 20. Kf2 Qb4 21. Qxb4 axb4 22. Rb2 e5 23. Ne2 exd4 24. Bxd4 Rd8 25. Bxg7 Kxg7 26. Rc1 Rac8 27. Rc4 Rxc4 28. bxc4 b5 29. Rxb4 bxc4 30. Rxc4 Bb5 31. Rc7+ Kf6 32. Nf4 g5 33. Nd5+ Kg6 34. Ke3 Re8 35. Kd4 Bf1 36. Ne3 Bb5 37. Nf5 Bf1 38. Rc6+ 1-0

[Event "Pardubice KB op"]
[Site "Pardubice"]
[Date "1996.??.??"]
[Round "6"]
[White "Urbankova, Eva"]
[Black "Hadraba, Vladimir"]
[Result "0-1"]
[WhiteElo "2180"]
[BlackElo "2275"]
[PlyCount "88"]
[EventDate "1996.07.??"]
[EventType "swiss"]
[EventRounds "9"]
[EventCountry "CZE"]
[SourceTitle "CBM 055 Extra"]
[Source "ChessBase"]
[SourceDate "1997.01.01"]
[SourceVersion "1"]
[SourceVersionDate "1997.01.01"]
[SourceQuality "1"]

1. d4 Nf6 2. c4 g6 3. Nc3 Bg7 4. e4 d6 5. Be2 0-0 6. Bg5 Nbd7 7. Qd2 c6 8. f3 a6 9. Nh3 b5 10. Nf2 Rb8 11. 0-0 bxc4 12. Bxc4 Rb4 13. Bb3 c5 14. Ne2 Qb6 15. Nd3 Rxb3 16. axb3 cxd4 17. Qb4 Qxb4 18. Nxb4 Nc5 19. Nc1 Bb7 20. Ra3 Rb8 21. Ncd3 Nxd3 22. Nxd3 Bc6 23. b4 Bb5 24. Bd2 Nd7 25. f4 Nb6 26. Rd1 f5 27. Nf2 Nc4 28. Ra2 e5 29. b3 Nxd2 30. Rdxd2 d5 31. fxe5 dxe4 32. Rxd4 Bxe5 33. Rd5 Bc3 34. g3 Kf7 35. Nd1 Bxb4 36. Ne3 Bd3 37. Kg2 Ke6 38. Rxd3 exd3 39. Rxa6+ Ke5 40. Kf3 Bc5 41. Rc6 Kd4 42. Rc7 Rxb3 43. Rxh7 d2 44. Rd7+ Ke5 0-1